000 00534nam a2200169 i 4500
001 84901
003 ES-MaACL
005 20230906175133.0
007 t|
008 041124s1980 sp ||||1| spa d
100 1 _aJerez Mir, Rafael.
_966337
245 1 3 _aLa introducción de la Sociología en España
_b: Manuel Sales y Ferré : una experiencia frustrada /
_cRafael Jerez Mir.
260 _aMadrid :
_bAyuso,
_c[1980]
300 _a495 p. ;
_c22 cm.
852 _aES-MaACL
_jL-454
_bR.100947
852 _aES-MaACL
_jL-204
_bR.101219
999 _c84901
_d84901